Most Common US City Names - Statistics

General Stats
  • This quiz has been taken 64 times
  • The average score is 4 of 10
Answer Stats
Occurences City % Correct
41 Springfield
90%
88 Washington
72%
35 Franklin
48%
24 Madison
44%
30 Greenville
38%
26 Salem
22%
29 Clinton
16%
29 Bristol
8%
27 Fairview
6%
23 Georgetown
6%
No matching quizzes found
Score Distribution
Percent of People with Each Score
Percentile by Number Answered
Your Score History
You have not taken this quiz